The Lifted Veil ; (رقم التسجيلة. 19711)
[ عرض عادي ]
| 000 -الفاتح | |
|---|---|
| حقل البيانات ثابتة الطول | 01063cam a2200301 a 4500 |
| 001 - رقم الضبط | |
| رقم الضبط | 15826959 |
| 003 - محدد رقم الضبط | |
| رقم الضبط | OSt |
| 005 - وقت وتاريخ اخر تعامل مع التسجيلة | |
| رقم الضبط | 20150408113958.0 |
| 008 - عناصر البيانات ثابتة الطول - معلومات عامة | |
| حقل البيانات ثابتة الطول | 111213s20091999enk 000 1 eng d |
| 010 ## - رقم ضبط مكتبة الكونجرس | |
| رقم ضبط مكتبة الكونجرس | |
| 020 ## - الرقم الدولى المعيارى للكتب | |
| الرقم الدولى المعيارى للكتاب | 9780199555055 (pbk.) |
| 040 ## - مصدر الفهرسة | |
| وكالة الفهرسة الأصلية | UKM |
| وكالة النسخ | MU |
| 042 ## - رمز التحقق | |
| رمز التحقق | lccopycat |
| 082 00 - رقم تصنيف ديوى العشرى | |
| رقم التصنيف | 823.8 E G L |
| رقم الطبعة | 22 |
| 100 1# - المدخل الرئيسى - إسم شخصى | |
| الإسم الشخصى | Eliot, George, |
| التواريخ المصاحبة للاسم | 1819-1880. |
| 9 (RLIN) | 6817 |
| 245 14 - بيان العنوان | |
| العنوان | The Lifted Veil ; |
| بقية العنوان | and, Brother Jacob / |
| بيان المسئوليه,etc | George Eliot / edited with an introduction and notes by Helen Small. |
| 260 ## - PUBLICATION, DISTRIBUTION, ETC. (IMPRINT) | |
| مكان الناشر او الموزع | Oxford ; |
| -- | New York : |
| اسم الناشر او الموزع | Oxford University Press, |
| تاريخ النشر أو التوزيع | [2009] |
| 300 ## - الوصف المادى | |
| التعداد | li, 104 p. ; |
| أبعاد الوعاء | 20 cm. |
| 440 #0 - بيان السلسلة/مدخل إضافى-العنوان | |
| العنوان | Oxford world's classics |
| 655 #0 - مصطلح تكشيفى-نوع/شكل | |
| بيانات النوع/ الشكل أو المصطلح الأساسي | Psychological fiction. |
| 9 (RLIN) | 3935 |
| 655 #7 - مصطلح تكشيفى-نوع/شكل | |
| بيانات النوع/ الشكل أو المصطلح الأساسي | Occult fiction. |
| مصدر المصطلح | gsafd |
| 9 (RLIN) | 6815 |
| 700 1# - المدخل الاضافى - اسم شخصى | |
| الإسم الشخصى | Small, Helen. |
| 9 (RLIN) | 7372 |
| 700 1# - المدخل الاضافى - اسم شخصى | |
| الإسم الشخصى | Eliot, George, |
| التواريخ المصاحبة للاسم | 1819-1880. |
| عنوان العمل | Brother Jacob. |
| 9 (RLIN) | 8288 |
| 740 02 - المدخل الاضافى - عنوان مرتبط/تحليلى غير مقيد | |
| العنوان التحليلي/ الرابط غير مقيد | Brother Jacob. |
| 906 ## - عنصر بيانات محلى F, LDF (RLIN) | |
| a | 7 |
| b | cbc |
| c | copycat |
| d | 2 |
| e | ncip |
| f | 20 |
| g | y-gencatlg |
| 942 ## - عناصر المدخل الإضافي( كوها) | |
| مصدر التصنيف او مخطط الترفيف | Dewey Decimal Classification |
| Koha [default] item type | DVD |
| حالة الفقد | نموذج السعر الفعال | حالة تلف | ليس للاعارة | رقم الطلب | رقم النسخة | تاريخ الاكتساب | الموقع الحالي | الباركود | الفرع الرئيسي | Date last seen | نوع المادة فى نظام كوها | مصدر التصنيف او خطة الترفيف | Total Checkouts |
|---|---|---|---|---|---|---|---|---|---|---|---|---|---|
| 2013-03-10 | 823.8 E G L | n 1 | 2011-12-14 | قسم الاجراءات الفنية (IC) | 00100602 | قسم الاجراءات الفنية (IC) | 2013-03-10 | كتاب | Dewey Decimal Classification | ||||
| 2013-03-10 | 823.8 E G L | n 2 | 2011-12-14 | قسم الاجراءات الفنية (IC) | 00100603 | قسم الاجراءات الفنية (IC) | 2013-03-10 | كتاب | Dewey Decimal Classification |
